| 000 | 01280nam a2200349 i 4500 | ||
|---|---|---|---|
| 001 | 16302417 | ||
| 003 | EG-ScBUE | ||
| 005 | 20240208111757.0 | ||
| 008 | 100625s2011 enk f b 001 0 eng d | ||
| 020 | _a9780415570589 (pbk.) | ||
| 020 | _a0415570581 (pbk.) | ||
| 040 |
_aDLC _beng _erda _cDLC _dDLC _dEG-ScBUE |
||
| 082 | 0 | 4 |
_a327.101 _222 _bREA |
| 245 | 0 | 0 |
_aRealism and world politics / _cedited by Ken Booth. |
| 264 | 1 |
_aLondon ; _aNew York : _bRoutledge, _c2011. |
|
| 300 |
_axiii, 346 pages ; _c24 cm |
||
| 336 |
_2rdacontent _atext _btxt |
||
| 337 |
_2rdamedia _aunmediated _bn |
||
| 338 |
_2rdacarrier _avolume _bnc |
||
| 500 | _a"This book contributes to the rethinking of realism through multiple analyses of the key works of Kenneth Waltz"--P. [4] of cover. | ||
| 504 | _aIncludes bibliographical references and index. | ||
| 650 | 7 |
_aInternational relations. _2BUEsh |
|
| 650 | 7 |
_aRealism _xPolitical aspects. _2BUEsh |
|
| 650 | 7 |
_aWorld politics. _2BUEsh |
|
| 653 |
_cFebruary2024 _bBUSBOL |
||
| 655 | _vReading book | ||
| 700 | 1 |
_aBooth, Ken, _d1943- _eeditor. |
|
| 906 |
_a7 _bcbc _corignew _d1 _eecip _f20 _gy-gencatlg |
||
| 942 |
_2ddc _cBB |
||
| 999 |
_c30644 _d30615 |
||